The emergent continent : Africa in the nineteenth century /
Discusses the developments in African history during the nineteenth century, including the ending of the European slave trade and the rise of the Zulus.
Main Author:
Format: Book
Language: English
Published:
New York :
St. Martin's Press,
1972.
Series:
Benn's world histories.
Subjects:
Tags: Add Tag
Call Number: DT28 .H35 1972
| LEADER | 00833namaa2200241 4500 | ||
|---|---|---|---|
| 001 | 18827 | ||
| 003 | OSt | ||
| 005 | 20260429055704.0 | ||
| 008 | 130303s1972 nyua 000 0 eng d | ||
| 040 | |c ARCE library | ||
| 043 | |a f------ | ||
| 050 | 4 | |a DT28 .H35 1972 | |
| 100 | 1 | |a Halladay, Eric, |e author |9 31405 | |
| 245 | 1 | 4 | |a The emergent continent : |b Africa in the nineteenth century / |c Eric Halladay. |
| 264 | 1 | |a New York : |b St. Martin's Press, |c 1972. | |
| 300 | |a 143 pages ; |b illus. ; |c 23 cm. | ||
| 490 | 0 | |a Benn's world histories. | |
| 520 | |a Discusses the developments in African history during the nineteenth century, including the ending of the European slave trade and the rise of the Zulus. | ||
| 555 | |a wafaa.lib. | ||
| 651 | 0 | |a Africa |x History |y 19th century. | |
| 901 | |a reviewed | ||
| 942 | |c BK |2 lcc | ||
| 999 | |c 20205 |d 20205 | ||
